Styx: Albums by Cover - Statistics

General Stats
  • This quiz has been taken 13 times
  • The average score is 13 of 18
Answer Stats
Picture Hint Answer % Correct
1977 The Grand Illusion
100%
1983 Kilroy Was Here
92%
1979 Cornerstone
83%
1975 Equinox
83%
1981 Paradise Theatre
83%
1978 Pieces of Eight
83%
1976 Crystal Ball
75%
2005 Big Bang Theory
67%
1999 Brave New World
67%
2003 Cyclorama
67%
1990 Edge of the Century
67%
1974 Man of Miracles
67%
1972 Styx
67%
1973 Styx II
67%
2017 The Mission
67%
1973 The Serpent Is Rising
67%
2021 Crash of the Crown
58%
2025 Circling from Above
42%
No matching quizzes found
Score Distribution
Percent of People with Each Score
Percentile by Number Answered
Your Score History
You have not taken this quiz